000 00872nam a2200253Ia 4500
003 OSt
005 20251203142324.0
008 210716s2010 xx 000 0 und d
020 _a9788184894363
040 _cAIMIT LIBRARY
041 _aeng
082 _a006.32
_21
_bTANH
100 _aTang, Huajin.
_9247422
245 _aNeural networks :
_bcomputational models and applications /
_cBy Huajin Tang, Kay Chen Tan and Zhang Yi.
250 _a1st ed.
260 _aNew Delhi :
_bSpringer ,
_c2010.
300 _axxii,299p. ;
_bPB
_c23.3 cm
650 _aFeedforward neural network and training methods
_9247423
650 _aVarious computational models and applications
_9247424
650 _aCompetitive neural networks for image segmentation
_9247425
700 _aTan, Kay Chen.
_9247426
700 _aYi, Zhang.
_9247427
942 _2ddc
_cBK
_e1st
_k006.32 TANH
999 _c193565
_d193565